LEADER 01782nam 2200445 a 450 001 9911004846103321 005 20200520144314.0 010 $a1-61583-743-4 035 $a(CKB)2550000000030191 035 $a(EBL)728559 035 $a(OCoLC)435971854 035 $a(MiAaPQ)EBC728559 035 $a(EXLCZ)992550000000030191 100 $a20000713d2000 uy 0 101 0 $aeng 135 $aur|n|---||||| 181 $ctxt$2rdacontent 182 $cc$2rdamedia 183 $acr$2rdacarrier 200 10$aOptical design for visual systems /$fBruce H. Walker 210 $aBellingham, Wash. $cSPIE Press$dc2000 215 $a1 online resource (169 p.) 225 1 $aTutorial texts in optical engineering ;$vv. TT 45 300 $aDescription based upon print version of record. 311 $a0-8194-3886-3 320 $aIncludes bibliographical references (p. 155) and index. 327 $aContents; Chapter 1; Chapter 2; Chapter 3; Chapter 4; Chapter 5; Chapter 6; Chapter 7; Chapter 8; Chapter 9; Chapter 10; Chapter 11; Index 330 $aThis tutorial explains the human eye, its function, and performance limits from the perspective of an experienced optical engineer and lens designer. It is concise and readable, with examples and data, and is intended for students, practicing engineers, and technology users. 410 0$aTutorial texts in optical engineering ;$vv. TT 45. 606 $aOptical instruments$xDesign and construction 615 0$aOptical instruments$xDesign and construction. 676 $a681/.4 700 $aWalker$b Bruce H$0148185 801 0$bMiAaPQ 801 1$bMiAaPQ 801 2$bMiAaPQ 906 $aBOOK 912 $a9911004846103321 996 $aOptical design for visual systems$94387765 997 $aUNINA